00371nam a2200133Ia 4500003000400000008004100004020002700045040000800072100001500080245008500095260003700180300000800217365001200225LDD181029s9999 xx 000 0 und d a9788175332430c2495.00 cLDD aBhagat P.C 0aDalit and democratic revolutionbFrom colonial India to modern IndiacBhagat P.C aNew DelhibMD Publicationsc2010 a3v. b2495.00